|
|
|
|
| LEADER |
00000cam a2200000 a 4500 |
| 001 |
vtls001064553 |
| 003 |
SK-MaSNL |
| 005 |
20260301152917.0 |
| 008 |
240226s1990 xo dal frnp 000 0 slo |
| 015 |
|
|
|a SNBA1990/02
|
| 020 |
|
|
|a 802270296X
|q (brožované)
|
| 035 |
|
|
|a SNK000007383
|
| 035 |
|
|
|a urn:nbn:sk:snk-amlmxv
|
| 035 |
|
|
|a urn:nbn:sk:snk-am00bxsx
|
| 035 |
|
|
|a 2BDFA190-C520-40CB-9D9A-701C96A570D9
|
| 040 |
|
|
|a SNK
|b slo
|c SNK
|e AACR2
|
| 041 |
0 |
|
|a slo
|
| 044 |
|
|
|a xo
|c SK
|
| 072 |
|
7 |
|a 629
|x Dopravné prostriedky
|2 konspekt
|
| 072 |
|
7 |
|a 37.016
|x Učebné osnovy. Vyučovacie predmety. Učebnice
|2 konspekt
|
| 080 |
|
|
|a 629.331
|2 2011
|
| 080 |
|
|
|a (075.8)
|2 2011
|
| 080 |
|
|
|a 629.33
|2 2011
|
| 100 |
1 |
|
|a Močkoř, Roman,
|d 1934-
|4 aut
|9 45828
|
| 245 |
1 |
0 |
|a Stavba motorových vozidiel
|n I. časť
|p Podvozkové časti automobilov
|c Roman Močkoř
|
| 246 |
3 |
0 |
|a Podvozkové časti automobilov
|
| 250 |
|
|
|a 3. vyd.
|
| 260 |
|
|
|a V Bratislave
|b Slovenská vysoká škola technická
|c 1990
|
| 300 |
|
|
|a 277 strán
|b grafy, ilustrácie, schémy, tabuľky
|c 30 cm
|
| 366 |
|
|
|e 100 kusov
|
| 500 |
|
|
|a Vydala Slovenská vysoká škola technická v Bratislave, Strojnícka fakulta
|
| 500 |
|
|
|a Obsahuje 6 kapitol
|
| 504 |
|
|
|a Bibliografia na strane 274
|
| 650 |
0 |
7 |
|a automobily
|2 SNKPH
|9 18879
|
| 650 |
0 |
7 |
|a automobilové podvozky
|2 SNKPH
|9 513950
|
| 650 |
0 |
7 |
|a motorové vozidlá
|2 SNKPH
|9 1587
|
| 655 |
|
7 |
|a učebnice vysokých škôl
|2 SNKPH
|9 70191
|
| 710 |
2 |
|
|a Slovenská vysoká škola technická v Bratislave.
|b Strojnícka fakulta
|4 pbl
|9 131744
|
| 740 |
0 |
2 |
|a Pneumatiky
|
| 740 |
0 |
2 |
|a Diskové kolesá
|
| 740 |
0 |
2 |
|a Nápravy
|
| 740 |
0 |
2 |
|a Perovanie
|
| 740 |
0 |
2 |
|a Riadenie
|
| 740 |
0 |
2 |
|a Brzdová sústava
|
| 752 |
|
|
|a Slovensko
|d Bratislava
|
| 852 |
|
|
|a Slovenská národná knižnica
|
| 919 |
|
|
|a 80-227-0296-X
|
| 954 |
|
|
|a odborná, vedecká literatúra pôvodná (slovenská)
|2 lita
|
| 958 |
|
|
|a RK
|
| 958 |
|
|
|a TL
|
| 958 |
|
|
|a NB
|
| 958 |
|
|
|a OND
|
| 958 |
|
|
|a UV
|
| 999 |
|
|
|c 790613
|d 792543
|
| 952 |
|
|
|a SNK
|b SNK
|y VYP
|7 0
|p 17A0101413
|o snkSB 48003/1 D1
|0 0
|1 0
|4 0
|d 1997-10-03
|l 0
|r 2004-12-31 00:00:00
|w 2026-02-24
|
| 952 |
|
|
|a SNK
|b SNK
|y PREZ
|7 0
|p 17A0807242
|o snkSB 48003/1
|i snkKSP 3370/91
|0 0
|1 0
|4 0
|d 2012-07-10
|f 1
|l 0
|r 2025-02-13 00:00:00
|w 2026-02-24
|